<?xml version="1.0" encoding="UTF-8"?>
<collection xmlns="http://www.loc.gov/MARC21/slim">
    <record>
        <controlfield tag="001">45742</controlfield>
        <controlfield tag="005">20170831220521.0</controlfield>
        <datafield tag="037" ind1=" " ind2=" ">
            <subfield code="a">GDOC-2010-1150</subfield>
        </datafield>
        <datafield tag="041" ind1=" " ind2=" ">
            <subfield code="a">spa</subfield>
        </datafield>
        <datafield tag="245" ind1="0" ind2="0">
            <subfield code="9">66507</subfield>
            <subfield code="a">La investigación en las literaturas hispánicas</subfield>
        </datafield>
        <datafield tag="260" ind1=" " ind2=" ">
            <subfield code="a">Zaragoza</subfield>
            <subfield code="b">Universidad de Zaragoza</subfield>
            <subfield code="c">2010-2011</subfield>
        </datafield>
        <datafield tag="520" ind1=" " ind2=" ">
            <subfield code="a">Se trata de una asignatura metodológica e instrumental que pretende abordar las herramientas conceptuales y formales utilizadas en el conjunto del análisis literario. Para ello se parte de los problemas y métodos de edición y fijación textual. Se continúa con las técnicas de búsqueda, localización y uso crítico de la bibliografía secundaria. Se profundiza en los métodos de actuales de investigación historiográfica, de interpretación de textos e interrelación cultural sobre Literatura Española e Hispanoamericana,  Todo estel bagaje está orientado al desarrollo de distintos tipos de investigación aplicada a las literaturas hispánicas en sí mismas y en comparación con otras.</subfield>
        </datafield>
        <datafield tag="521" ind1=" " ind2=" ">
            <subfield code="9">654</subfield>
            <subfield code="a">Máster Universitario en Estudios Hispánicos: Lengua y Literatura</subfield>
        </datafield>
        <datafield tag="540" ind1=" " ind2=" ">
            <subfield code="a">by-nc-sa</subfield>
            <subfield code="b">Creative Commons</subfield>
            <subfield code="c">3.0</subfield>
            <subfield code="u">http://creativecommons.org/licenses/by-nc-sa/3.0/</subfield>
        </datafield>
        <datafield tag="700" ind1=" " ind2=" ">
            <subfield code="0">(orcid)0000-0002-4906-4246</subfield>
            <subfield code="a">Montaner Frutos, Alberto</subfield>
        </datafield>
        <datafield tag="830" ind1=" " ind2=" ">
            <subfield code="9">326</subfield>
        </datafield>
        <datafield tag="856" ind1="4" ind2=" ">
            <subfield code="s">80063</subfield>
            <subfield code="u">http://zaguan.unizar.es/record/45742/files/guia.pdf</subfield>
            <subfield code="y">Guía (idioma español)</subfield>
        </datafield>
        <datafield tag="980" ind1=" " ind2=" ">
            <subfield code="a">GDOC</subfield>
            <subfield code="b">Artes y humanidades</subfield>
            <subfield code="c">103</subfield>
        </datafield>
    </record>

    
</collection>